| 000 | 00335nam a2200097Ia 4500 | ||
|---|---|---|---|
| 008 | 231207s9999 xx 000 0 und d | ||
| 082 |
_a808.84 _bLUK |
||
| 100 | _aLukacs, Georg | ||
| 245 | 0 | _aStudies in European realism: a sociological survey of the writings of Balzac, Stendhal, Zola, Tolstoy, Gorki and others | |
| 260 | _bThe Merlin Press | ||
| 999 |
_c26052 _d26052 |
||